00524pab a2200169 454500008004000000100001600040245008600056260000900142300001100151362000900162650001200171700001600183773002800199909000900227999001500236952010300251180718b1987 xxu||||| |||| 00| 0 eng d aAmin, Ruhul aRacial differences in housingbAn analysis of trends and differentials, 1960-1978 c1987 a363-76 aMar. aHousing aA.G. Mariam aUrban Affairs Quarterly a9771 c9771d9771 00104070aIIPAbIIPAd2018-07-19hVolume no: 22, Issue no: 3pAR9788r2018-07-19w2018-07-19yAR